Лабораторна диагностика (Запис номер 202599)
[ съкратено ]
| 000 -Лидер | |
|---|---|
| Контролно поле с фиксирана дължина | 01502nam a2200301 c 4500 |
| 003 - Код на организацията, давaща контролен номер | |
| Контролно поле | BLK |
| 005 - Дата и час на последна редакция | |
| Контролно поле | 20180422120539.0 |
| 008 - Елементи от данни с фиксирана дължина | |
| fixed length control field | 180411b bul|||||r ||||||| ||bul|| |
| 010 ## - Наследен системен номер | |
| LC control number | KNG00212068000 |
| 040 ## - Източник на каталожния запис | |
| Идентификатор на билиотеката - собственик на записа | BLK |
| 041 ## - Код за език | |
| Код за езика на текст/звукозапис или на отделно заглавие | Български |
| Код за езика КДБФ | Български |
| 080 ## - УДК | |
| Текстов определител УДК | Фармацевти. Аптекари |
| УДК код - определител по УДК | 615.15 |
| УДК определител | -74 |
| УДК - код + определител | 615.15-74 |
| 100 1# - Редна дума - Автор | |
| Автор | Атанасов, Николай Асенов |
| Авторска отговорност | първи автор |
| R(LIN) | 273748 |
| 139 ## - Редно поле | |
| Редна дума | Атанасов, Николай Асенов |
| Авторски знак | Ат - А 93 |
| 245 10 - Сведения за заглавието | |
| Заглавие | Лабораторна диагностика |
| Подзаглавни данни | Хематол. изследвания |
| Редно поле (дума) | Николай Асенов Атанасов; под ред. на Дочо Дочев; под ред. на Тодор К. Шипков. |
| 257 ## - Страна на издаване | |
| Страна на създаване/издаване | България |
| 260 ## - Област на издателските данни | |
| -- | София |
| Име на издателя, разпространителя и проч. | Медицина и физкултура |
| Година на издаване | 1988 |
| 300 ## - Физическа характеристика | |
| Страници | 264 с. |
| Илюстрации и др. | с ил., 4 л. цв. ил. |
| Размери/Мащаб | 21 см |
| 380 ## - Жанр | |
| Жанр | Медицина |
| 500 ## - Общи забележки | |
| Забележка | Други авт. : Д. Хр. Дочев, Вл. К. Иванов, П. Д. Йорданова-Лалева, М. Н. Пенев, Д. К. Петкова, А. Л. Русева, Т. З. Цветкова, Т. К. Шипков, М. Ц. Шишенков, отбелязани на с. 5 |
| 700 1# - Други автори (авторска отговорност) | |
| Лично име | Дочев, Дочо |
| Автороска отговорност (Описва отношението между автора и произведението) | под ред. на |
| 9 (RLIN) | 378890 |
| 700 1# - Други автори (авторска отговорност) | |
| Лично име | Шипков, Тодор К. |
| Автороска отговорност (Описва отношението между автора и произведението) | под ред. на |
| 9 (RLIN) | 386355 |
| 852 ## - Местоположение | |
| Форматна сигнатура | Цб 156942 |
| 856 4# - Електронен адрес и достъп | |
| Електронен формат | pdf - файл |
| Път до файла /url/ | |
| 856 4# - Електронен адрес и достъп | |
| Електронен формат | pdf - файл |
| Път до файла /url/ | |
| 942 ## - АРТИКУЛИ | |
| Вид на библиотечния материал | Книги |
| Скрит в OPAC | Не |
| 944 ## - СЪЗДАВАНЕ И РЕДАКЦИЯ на ЗАПИСА | |
| Създаване/Редакция | Създаване |
| Дата на регистрацията/редакция | 11.09.2017 |
| Служител, извършил регистрацията/редакцията | Христина_Везирева |
| 944 ## - СЪЗДАВАНЕ И РЕДАКЦИЯ на ЗАПИСА | |
| Създаване/Редакция | Редакция |
| Дата на регистрацията/редакция | 11.09.2017 |
| Служител, извършил регистрацията/редакцията | Христина_Везирева |
| 999 ## - СИСТЕМНИ КОНТРОЛНИ НОМЕРА | |
| Koha biblionumber | 202599 |
| Koha biblioitemnumber | 202599 |
| Код за отписване | Код за изгубен артикул | Източник на класификационната схема | Код за повреда | Коз за рестрикции | Код за отдаване | Артикулен № | Име на библиотеката - собственик | Име на библиотеката, в която се намира в момента | Статус (Текущо местоположение) | Дата на вписване в системата | Местоположение - отдел | Цена в лева | Инвентарен номер | Систематично азбучна сигнатура | Баркод | Номер на екземпляра | Цена в евро | Служебна бележка | Служебен тип на артикула |
|---|---|---|---|---|---|---|---|---|---|---|---|---|---|---|---|---|---|---|---|
| Не е изгубен | Universal Decimal Classification | Не е повреден | без рестрикции | ползва се в читалня | 350303 | Регионална библиотека "Любен Каравелов" Русе | Регионална библиотека "Любен Каравелов" Русе | Хранилище | 1988-01-01 | Хранилище | 2.59 | 514167 | Цб 156942 | 120000514167 | 1 | 1.32 | Дост: Dp Вид: Сф N: стар фонд Дата: 01.01.1988 | Книги | |
| Изтеглен | Не е изгубен | Universal Decimal Classification | Не е повреден | без рестрикции | заемане за дома | 350304 | Регионална библиотека "Любен Каравелов" Русе | Регионална библиотека "Любен Каравелов" Русе | Заемна - подръчен фонд | 1988-01-01 | Заемна - подръчен фонд | 2.59 | 514258 | П 615/А 93 | 514258 | 2 | 1.32 | Дост: Pk Вид: Сф N: стар фонд Дата: 01.01.1988 | Книги |